Vāgbhata viracita Aṣṭāṅga-Hrdaya. (Record no. 66397)
[ view plain ]
| 000 -LEADER | |
|---|---|
| fixed length control field | 00715cam a22002651 4500 |
| 001 - CONTROL NUMBER | |
| control field | sa 65009742 |
| 003 - CONTROL NUMBER IDENTIFIER | |
| control field | DLC |
| 005 - DATE AND TIME OF LATEST TRANSACTION | |
| control field | 20260227112204.0 |
| 008 - FIXED-LENGTH DATA ELEMENTS--GENERAL INFORMATION | |
| fixed length control field | 890420q19001989ii ac 000 0 kano |
| 010 ## - LIBRARY OF CONGRESS CONTROL NUMBER | |
| LC control number | sa 65009742 |
| 035 ## - SYSTEM CONTROL NUMBER | |
| System control number | (OCoLC)19576714 |
| 040 ## - CATALOGING SOURCE | |
| Original cataloging agency | DLC |
| Transcribing agency | WaU |
| Modifying agency | DLC |
| 041 0# - LANGUAGE CODE | |
| Language code of text/sound track or separate title | kansan |
| 042 ## - AUTHENTICATION CODE | |
| Authentication code | premarc |
| 050 00 - LIBRARY OF CONGRESS CALL NUMBER | |
| Classification number | R127.2 |
| Item number | .V36 |
| 100 0# - MAIN ENTRY--PERSONAL NAME | |
| Personal name | Vāgbhaṭa, |
| Dates associated with a name | active 7th century. |
| 245 00 - TITLE STATEMENT | |
| Title | Vāgbhata viracita Aṣṭāṅga-Hrdaya. |
| 260 ## - PUBLICATION, DISTRIBUTION, ETC. | |
| Date of publication, distribution, etc. | [19--] |
| 300 ## - PHYSICAL DESCRIPTION | |
| Extent | v. |
| Other physical details | illus., ports. |
| Dimensions | 23 cm. |
| 500 ## - GENERAL NOTE | |
| General note | Added t.p.: Ashtanga-Hridaya. |
| 500 ## - GENERAL NOTE | |
| General note | Sanskrit and Kannada. |
| 650 #0 - SUBJECT ADDED ENTRY--TOPICAL TERM | |
| Topical term or geographic name entry element | Medicine, Ayurvedic. |
| 700 1# - ADDED ENTRY--PERSONAL NAME | |
| Personal name | Anantacharya, Adya. |
| 740 0# - ADDED ENTRY--UNCONTROLLED RELATED/ANALYTICAL TITLE | |
| Uncontrolled related/analytical title | Aṣṭāṅga-Hrdaya. |
No items available.